000 00890 a2200217 4500
999 _c1703
_d1703
020 _a0415102588
050 0 0 _aLA 633 POL 2000
100 _aPollard, Andrew
_eEditor
245 0 0 _aTeaching and learning in the primary school /
_cedited by Andrew Pollard and Jill Bourne
264 _aNew York:
_bRoutledge Falmer,
_c1994
300 _a326p. :
_bill.
500 _a"Open University Postgraduate Certificate of Education"--P. [ii].
504 _aIncludes bibliographical references (p. [317]-318) and index.
650 0 _aEducation, Elementary
650 0 _aElementary school teaching
650 0 _aLearning.
700 1 _aBourne, Jill,
_eEditor
856 4 2 _3Publisher description
_uhttp://www.loc.gov/catdir/enhancements/fy0648/93005056-d.html
942 _2lcc
_cBK
_h633
_iPOL
_kLA